[Event "Cutro op"]
[Site "Cutro"]
[Date "1997.??.??"]
[Round "?"]
[White "Mrdja, Milan"]
[Black "Nurkic, Sahbaz"]
[Result "0-1"]
[WhiteElo "2425"]
[BlackElo "2395"]

1.e4 g6 2.d4 Bg7 3.Nc3 c6 4.Nf3 Nf6 5.Bf4 O-O 6.Qd2 d6 7.Bh6 b5 8.Bxg7 Kxg7
9.Bd3 Bg4 10.O-O-O e5 11.Qe3 Qe7 12.dxe5 dxe5 13.Kb1 Nbd7 14.Be2 Nc5 15.h3 Bxf3
16.Bxf3 Rfd8 17.Ne2 Nfd7 18.Nc1 Nb6 19.Be2 Rab8 20.Nb3 Nca4 21.Rxd8 Rxd8
22.c3 Nc4 23.Bxc4 bxc4 24.Nd2 Rd3 25.Qe1 Qc5 26.Ka1 Qb5 27.Qc1 Nxb2  0-1

[Event "CZE-chT2 9697"]
[Site "CZE"]
[Date "1997.??.??"]
[Round "?"]
[White "Voloshin, Leonid"]
[Black "Stratil, Ladislav Jr"]
[Result "1-0"]
[WhiteElo "2430"]
[BlackElo "2370"]

1.e4 g6 2.d4 Bg7 3.Nc3 c6 4.Nf3 d5 5.h3 e6 6.Bd3 b6 7.Qe2 Ne7 8.Bf4 a5 9.Be5 Bxe5
10.Nxe5 O-O 11.h4 Nd7 12.h5 Nxe5 13.dxe5 Qc7 14.f4 f5 15.exf6 Rxf6 16.g3 Rf7
17.hxg6 Nxg6 18.exd5 cxd5 19.Bxg6 hxg6 20.Nxd5 exd5 21.Qe8+ Rf8 22.Rh8+ Kxh8
23.Qxf8+ Kh7 24.O-O-O Qxc2+ 25.Kxc2 Bf5+ 26.Qxf5 gxf5 27.Rxd5 Kg6 28.Rd6+ Kh5
29.Rxb6 Kg4 30.Rg6+ Kf3 31.Kb3 Rb8+ 32.Ka3 Rd8 33.Rg5 Rd5 34.b3 Ke4 35.g4 fxg4
36.Rxg4 Rd2 37.Rh4 Rd5 38.Ka4 Rf5 39.Rg4 Kd3 40.Rg5 Rxf4+ 41.Kxa5 Kc3 42.Rc5+ Kb2
43.b4 Kxa2 44.b5 Kb3 45.b6  1-0

[Event "CZE-chT2 9697"]
[Site "CZE"]
[Date "1997.??.??"]
[Round "?"]
[White "Efler, Lukas"]
[Black "Hosticka, Frantisek"]
[Result "1-0"]
[WhiteElo "2270"]
[BlackElo "2235"]

1.e4 g6 2.d4 Bg7 3.Nc3 c6 4.g3 d5 5.exd5 cxd5 6.Bg2 Nf6 7.Bg5 e6 8.Qd2 Nc6
9.Nge2 h6 10.Bf4 g5 11.Be3 Ng4 12.h4 Nxe3 13.Qxe3 Qe7 14.hxg5 hxg5 15.Rxh8+ Bxh8
16.O-O-O Bd7 17.f4 gxf4 18.gxf4 O-O-O 19.Qg3 Na5 20.f5 Nc4 21.Rd3 Bf6 22.Kb1 Bh4
23.Qh2 Bc6 24.fxe6 fxe6 25.Nf4 Rg8 26.a3 Be1 27.Bh3 Bd7 28.Qe2 Bxc3 29.Rxc3 Rg1+
30.Ka2 Qg5 31.Nd3 Qh6 32.Qf2 Rd1 33.Bg4 Rh1 34.Qf7 Qe3 35.Ne5 Ra1+ 36.Kb3 Ba4+
37.Kxa4 Rxa3+ 38.bxa3 Qxc3 39.Qd7+  1-0

[Event "CZE-chT1a 9697"]
[Site "CZE"]
[Date "1997.??.??"]
[Round "?"]
[White "Folk, Petr"]
[Black "Pokrupa, Marek"]
[Result "1-0"]
[WhiteElo "2250"]
[BlackElo "2145"]

1.e4 g6 2.d4 Bg7 3.Nc3 c6 4.Nf3 d5 5.h3 dxe4 6.Nxe4 Nd7 7.Bc4 Nb6 8.Bb3 Nf6
9.Nxf6+ Bxf6 10.Bh6 Qd6 11.O-O Be6 12.Re1 Bxb3 13.axb3 a6 14.c4 c5 15.b4 Nd7
16.bxc5 Qc6 17.b4 b6 18.b5 Qc8 19.Qe2 bxc5 20.Bg7 Qd8 21.Bxh8 Bxh8 22.Ne5 Bxe5
23.dxe5 Nf8 24.Rxa6 Rxa6 25.bxa6 Qa8 26.Qb2  1-0

[Event "CZE-chT 9697"]
[Site "CZE"]
[Date "1997.??.??"]
[Round "2"]
[White "Buchnicek, Petr"]
[Black "Stratil, Ladislav Jr"]
[Result "0-1"]
[WhiteElo "2270"]
[BlackElo "2370"]

1.e4 g6 2.d4 Bg7 3.Nc3 c6 4.Be3 d5 5.e5 h5 6.h3 Nh6 7.f4 Qb6 8.a3 Bf5 9.b4 f6
10.Nf3 Nf7 11.Qd2 Nd7 12.Nh4 Nf8 13.Nxf5 gxf5 14.Bd3 e6 15.O-O fxe5 16.fxe5 Bh6
17.Bxh6 Rxh6 18.Qf2 Qd8 19.b5 Qg5 20.bxc6 bxc6 21.Rab1 Nd8 22.Ne2 Ng6 23.c4 Rh7
24.cxd5 cxd5 25.Rfc1 h4 26.a4 Rf7 27.Kh1 Kf8 28.Rc5 Kg8 29.a5 Qd2 30.Ba6 Rg7
31.Qf3 Nf7 32.Rbc1 Rf8 33.Bc8 Ng5 34.Qh5 Rff7 35.R5c2 Qe3 36.a6 Nf8 37.Qxh4 Nxh3
38.g3 Rh7  0-1

[Event "CZE-chT 9697"]
[Site "CZE"]
[Date "1997.??.??"]
[Round "6"]
[White "Jurasek, Miroslav"]
[Black "Beil, Zdenek"]
[Result "0-1"]
[WhiteElo "2305"]
[BlackElo "2325"]

1.e4 g6 2.d4 Bg7 3.Nc3 c6 4.Be3 d5 5.Be2 dxe4 6.Nxe4 Qb6 7.Nf3 Nd7 8.Qd2 Ngf6
9.Ng3 Nd5 10.O-O-O Nxe3 11.Qxe3 Nf6 12.Bc4 Nd5 13.Bxd5 cxd5 14.Rhe1 Be6 15.Qa3 Qd6
16.Qxd6 exd6 17.Ng5 Bh6 18.h4 O-O 19.Kb1 Rae8 20.Nf1 Bg4 21.f3 Bd7 22.g4 f6
23.Nh3 Bb5 24.Rxe8 Rxe8 25.g5 fxg5 26.hxg5 Bd7 27.Nf4 Bxg5 28.Nxd5 Bc6 29.c4 Bxd5
30.cxd5 Bf4 31.Nd2 Re3 32.Rf1 Rd3 33.Nb3 h5 34.Kc2 Re3 35.Nc1 h4 36.Rh1 g5
37.Rf1 h3 38.Nd3 Re2+ 39.Kb3 h2 40.Nxf4 gxf4 41.Kc3 Re3+  0-1

[Event "CZE-chT 9697"]
[Site "CZE"]
[Date "1997.??.??"]
[Round "11"]
[White "Lamser, Jan"]
[Black "Stratil, Ladislav Jr"]
[Result "0-1"]
[WhiteElo "2275"]
[BlackElo "2370"]

1.e4 g6 2.d4 Bg7 3.Nc3 c6 4.Bc4 d6 5.Nf3 Nf6 6.O-O O-O 7.e5 Ne8 8.Bf4 d5
9.Bb3 Bg4 10.h3 Bxf3 11.Qxf3 Nc7 12.Nxd5  0-1

[Event "Decin op"]
[Site "Decin"]
[Date "1997.??.??"]
[Round "7"]
[White "Krapivin, Vladislav"]
[Black "Karlik, Vladimir"]
[Result "1/2-1/2"]
[WhiteElo "2300"]
[BlackElo "2360"]

1.e4 g6 2.d4 Bg7 3.Nc3 c6 4.Nf3 d6 5.h3 Nf6 6.Be2 O-O 7.O-O Qc7 8.Bg5 Nbd7
9.Qd2 Re8 10.Rfe1 e5 11.Bf1 b5 12.a3  1/2-1/2

[Event "Neckar op 1st"]
[Site "Deizisau"]
[Date "1997.??.??"]
[Round "2"]
[White "Leyrer, Achim"]
[Black "Ivanov, Mikhail M"]
[Result "0-1"]
[WhiteElo "2115"]
[BlackElo "2500"]

1.e4 g6 2.d4 Bg7 3.Nc3 c6 4.f4 d6 5.Nf3 Nf6 6.Bd3 O-O 7.O-O Na6 8.Kh1 c5
9.d5 Nc7 10.Qe1 Rb8 11.a4 b6 12.f5 a6 13.Qh4 b5 14.axb5 axb5 15.Bh6 c4 16.Ng5 cxd3
17.fxg6 fxg6 18.Bxg7 Kxg7 19.Rxf6 h6 20.Rf7+ Rxf7 21.Qxh6+ Kxh6 22.Nxf7+ Kg7
23.Nxd8 Bd7 24.Nc6 Bxc6 25.dxc6 b4 26.Nd5 Nxd5 27.exd5 dxc2 28.b3 Rb5  0-1

[Event "DEN-chT 9697"]
[Site "?"]
[Date "1997.??.??"]
[Round "5"]
[White "Fuglsang, Flemming"]
[Black "Hansen, Gunnar West"]
[Result "1-0"]
[WhiteElo "2285"]
[BlackElo "2260"]

1.e4 g6 2.d4 Bg7 3.Nc3 c6 4.Nf3 d5 5.h3 Nf6 6.e5 Ne4 7.Bd3 Nxc3 8.bxc3 c5
9.dxc5 O-O 10.O-O Nd7 11.Re1 Nxc5 12.Be3 b6 13.Rb1 Qc7 14.Qc1 Bb7 15.Bh6 f5
16.Bxg7 Kxg7 17.Rb4 Ne4 18.Nd4 Qxc3 19.Ne6+ Kf7 20.Nxf8 Qxb4 21.Nxh7 Rh8
22.Bxe4 Rxh7 23.c3 Qc5 24.Bf3 Rh4 25.Qg5 Re4 26.Bxe4 dxe4 27.e6+ Kg7 28.Rd1 Bd5
29.h4 Bxe6 30.h5 Bf7 31.Rd7 Qxc3 32.Rxe7 Qf6 33.h6+  1-0

[Event "ROM-ch op (Women)"]
[Site "Eforie Nord"]
[Date "1997.??.??"]
[Round "?"]
[White "Vasiesiu, Cristina"]
[Black "Ionescu Brandis, Irina"]
[Result "1/2-1/2"]
[WhiteElo "2155"]
[BlackElo "2260"]

1.e4 g6 2.d4 Bg7 3.Nc3 c6 4.Bc4 d6 5.Qf3 e6 6.Nge2 b5 7.Bb3 a5 8.a3 Ba6 9.O-O Nd7
10.Bf4 Qe7 11.e5 d5 12.Rfe1 h5 13.Qe3 Nb6 14.Bg5 Qc7 15.h4 Ne7 16.Nb1 Nf5
17.Qf4 a4 18.Ba2 c5 19.c3 Nc4 20.b3 axb3 21.Bxb3 Na5 22.Nd2 O-O 23.f3 b4
24.cxb4 Bxe2 25.Rxe2 Nxd4 26.Re3 Naxb3 27.Nxb3 Nxb3 28.Rxb3 Bxe5 29.Qc1 c4
30.Re3 Bxa1 31.Qxa1 e5 32.Rxe5 f6 33.Re6 fxg5 34.Rxg6+ Kh7 35.Rxg5 Qf7 36.Qb1+ Kh6
37.Qc1 Qf4 38.Qc3 d4 39.Qxc4 Qe3+ 40.Kh2 Qf4+ 41.Kh3 Rad8 42.Qc5 Qf7 43.Qc6+ Kh7
44.Qe4+ Kh6 45.Qc6+ Qf6 46.Qc1  1/2-1/2

[Event "ROM-ch op (Women)"]
[Site "Eforie Nord"]
[Date "1997.??.??"]
[Round "?"]
[White "Calota, Alina"]
[Black "Popescu, Sabina"]
[Result "0-1"]
[WhiteElo "2115"]
[BlackElo "2010"]

1.e4 g6 2.d4 Bg7 3.Nc3 c6 4.Nf3 d5 5.e5 Nh6 6.h3 f6 7.Bf4 O-O 8.Qd2 Nf7 9.exf6 exf6
10.O-O-O Nd7 11.g4 Nb6 12.Rg1 Nd6 13.Kb1 Nbc4 14.Qc1 Qb6 15.Ka1 Qb4 16.Rd3 Be6
17.Nd2 Rfe8 18.f3 Bf7 19.Nb3 Re7 20.h4 Rae8 21.Bh3 a5 22.a3 Qb6 23.Na4 Qd8
24.g5 f5 25.Ka2 b5 26.Nac5 a4 27.Nd2 Nxd2 28.Bxd2 Nc4 29.Bf4 Qa5 30.c3 Re2
31.Bd2 Rh2 32.Rh1 Ree2 33.Rxh2 Rxh2 34.f4 Bxd4 35.Rxd4 Rxh3 36.Nd7 Qd8 37.Nf6+ Kg7
38.Qe1 c5 39.Rxc4 d4 40.Qe5 Bxc4+ 41.Kb1 Rh1+ 42.Be1 Kf7 43.Kc1 dxc3 44.bxc3 Bb3
45.Qe2 b4 46.Kb2 bxa3+ 47.Kxa3 c4 48.Kb2 a3+ 49.Kc1 Qd1+  0-1

[Event "ROM-chT"]
[Site "Eforie Nord"]
[Date "1997.??.??"]
[Round "?"]
[White "Sofronie, Iulian"]
[Black "Cioara, Andrei Nestor"]
[Result "1/2-1/2"]
[WhiteElo "2415"]
[BlackElo "2285"]

1.e4 g6 2.d4 Bg7 3.Nc3 c6 4.Nf3 d5 5.h3 Nh6 6.g4 f6 7.Be3 Nf7 8.Be2 Na6 9.Qd2 Nc7
10.O-O-O O-O 11.g5 Rb8 12.exd5 cxd5  1/2-1/2

[Event "ROM-chT"]
[Site "Eforie Nord"]
[Date "1997.??.??"]
[Round "?"]
[White "Ghinda, Mihail Viorel"]
[Black "Bogdan, Dan"]
[Result "1-0"]
[WhiteElo "2455"]
[BlackElo "2400"]

1.e4 g6 2.d4 Bg7 3.Nc3 c6 4.f4 d6 5.Nf3 Nf6 6.Bd3 O-O 7.O-O b5 8.e5 dxe5
9.fxe5 Nd5 10.Nxd5 Qxd5 11.a4 c5 12.Qe2 Bb7 13.c4 bxc4 14.Bxc4 Qd8 15.e6 f5
16.dxc5 Qc7 17.Be3 f4 18.Bf2 Nc6 19.Rad1 Ne5 20.Nxe5 Bxe5 21.Rfe1 Bf6 22.Rd7 Qb8
23.b4 f3 24.gxf3 Bc3 25.Bg3 Qc8 26.Rc7 Bd4+ 27.Kg2  1-0

[Event "Momotov mem"]
[Site "Enakievo"]
[Date "1997.??.??"]
[Round "?"]
[White "Gurevich, Vladimir"]
[Black "Iordachescu, Viorel"]
[Result "1/2-1/2"]
[WhiteElo "2430"]
[BlackElo "2485"]

1.e4 g6 2.d4 Bg7 3.Nc3 c6 4.h3 d6 5.Nf3 Nf6 6.Bd3 O-O 7.O-O Nbd7 8.e5 Ne8
9.exd6 Nxd6 10.Re1 Nf6 11.Bf4  1/2-1/2

[Event "Momotov mem"]
[Site "Enakievo"]
[Date "1997.??.??"]
[Round "?"]
[White "Moroz, Alexander"]
[Black "Iordachescu, Viorel"]
[Result "1-0"]
[WhiteElo "2515"]
[BlackElo "2485"]

1.e4 g6 2.d4 Bg7 3.Nc3 c6 4.h3 d5 5.Nf3 Nf6 6.Bd3 dxe4 7.Nxe4 Nxe4 8.Bxe4 O-O
9.O-O Nd7 10.c3 Qc7 11.Re1 c5 12.Bg5 cxd4 13.Nxd4 Nc5 14.Bf3 e5 15.Nb5 Qb6
16.a4 Bf5 17.g4 Rad8 18.Bxd8 Rxd8 19.Qe2 Bd3 20.Qe3 e4 21.Bg2 a6 22.b4 Nxa4
23.Rxa4 Qxe3 24.Rxe3 Bxb5 25.Ra1 f5 26.gxf5 gxf5 27.Bf1 Bc6 28.Rg3 Kf7 29.Bc4+ Kf6
30.Rb1 b5 31.Bb3 h5 32.h4 Bh6 33.Rd1 Rd2 34.Rg8 Rxd1+ 35.Bxd1 Bd5 36.Rd8 Bc4
37.Rd6+ Kg7 38.Bxh5 Bc1 39.Bg6 e3 40.fxe3 Bxe3+ 41.Kg2 Bf4 42.Rxa6 Bd3 43.h5 Bd2
44.Kf2 Bf4 45.Be8 Be5 46.h6+ Kf8 47.Bxb5  1-0

[Event "Momotov mem"]
[Site "Enakievo"]
[Date "1997.??.??"]
[Round "?"]
[White "Timoshenko, Georgy"]
[Black "Iordachescu, Viorel"]
[Result "1/2-1/2"]
[WhiteElo "2510"]
[BlackElo "2485"]

1.e4 g6 2.d4 Bg7 3.Nc3 c6 4.Nf3 d6 5.h3 Nf6 6.Bd3 O-O 7.O-O Nbd7 8.e5 Ne8
9.Bf4 dxe5 10.dxe5 Nc7 11.Qd2 Nc5 12.Rad1 Nxd3 13.cxd3 Be6 14.Bh6 Bd5 15.Nh2 Qd7
16.Bxg7 Kxg7 17.Ng4 f6 18.exf6+ exf6 19.Ne4 Ne8 20.Rfe1 Rd8 21.Nc5 Qf7 22.Re2 Nd6
23.b3 Rfe8 24.Rde1 Rxe2 25.Rxe2 Nf5 26.Qc1 h5 27.Ne3 Nxe3 28.Rxe3 Re8 29.Ne4 Re6
30.Nc3 Rxe3 31.fxe3 c5 32.d4 cxd4 33.exd4 Qe6 34.Nxd5 Qxd5 35.Qc7+ Kh6 36.Qf4+ Kg7
37.Qc7+ Kh6 38.Qf4+ Kg7 39.Kf2 g5 40.Qc7+ Kg6 41.Qc4 Qf5+ 42.Kg1 Qe4 43.Qg8+ Kf5
44.Qh7+ Kf4 45.Qc7+ Kf5 46.Qh7+ Kf4 47.Qc7+ Kf5  1/2-1/2

[Event "Enghien Les Bains"]
[Site "Enghien Les Bains"]
[Date "1997.??.??"]
[Round "1"]
[White "Nataf, Igor Alexandre"]
[Black "Chabanon, Jean Luc"]
[Result "1-0"]
[WhiteElo "2410"]
[BlackElo "2435"]

1.e4 g6 2.d4 Bg7 3.Nc3 c6 4.f4 d6 5.Nf3 Bg4 6.Be3 Qa5 7.Bd3 d5 8.e5 c5 9.dxc5 Nc6
10.h3 Bxf3 11.Qxf3 e6 12.O-O Nge7 13.Nb5 O-O 14.c3 f6 15.exf6 Bxf6 16.Qe2 Rae8
17.Nd6 Rb8 18.Qg4 Nf5 19.Bxf5 exf5 20.Qf3 d4 21.Qd5+ Kg7 22.Bxd4 Nxd4 23.cxd4 b6
24.Rac1 bxc5 25.Rxc5 Qb4 26.Rc7+ Kh6 27.Nf7+  1-0

[Event "Fencible Masters"]
[Site "Fencible"]
[Date "1997.??.??"]
[Round "5"]
[White "Sermek, Drazen"]
[Black "Green, Ewen M"]
[Result "1-0"]
[WhiteElo "2575"]
[BlackElo "2290"]

1.e4 g6 2.d4 Bg7 3.Nc3 c6 4.h3 d5 5.Nf3 Nf6 6.e5 Ne4 7.Bd3 Nxc3 8.bxc3 c5
9.dxc5 O-O 10.O-O Nd7 11.Qe2 Nxc5 12.Nd4 Qc7 13.f4 Bd7 14.Bd2 Rfd8 15.Rae1 e6
16.Rf3 Ba4 17.h4 Ne4 18.Bxe4 dxe4 19.Rh3 Bc6 20.h5 Bd5 21.a4 Bf8 22.Qg4 Rac8
23.Kf2 Qc4 24.hxg6 fxg6 25.Rxh7 Kxh7 26.Rh1+ Kg8 27.Qxg6+ Bg7 28.f5 exf5
29.Nxf5 Rd7 30.Rh7 Qc7 31.Rh5 Qb6+ 32.Qxb6 axb6 33.g4 Re8 34.Bf4 Be6 35.Rg5 Kh7
36.Rh5+ Kg8 37.Rg5 Kf8 38.Nd6 Bh6 39.Rf5+ Bxf5 40.Bxh6+  1-0

[Event "FIN-chT 9798"]
[Site "Finland"]
[Date "1997.??.??"]
[Round "4"]
[White "Nokso Koivisto, Antti"]
[Black "Lindstedt, Johan"]
[Result "0-1"]
[WhiteElo "2215"]
[BlackElo "2305"]

1.e4 g6 2.d4 Bg7 3.Nc3 c6 4.Bc4 d6 5.Qf3 e6 6.d5 cxd5 7.exd5 e5 8.Nge2 f5
9.h4 Nf6 10.Bg5 h6 11.Bxf6 Qxf6 12.Bb5+ Nd7 13.h5 a6 14.Bxd7+ Bxd7 15.hxg6 Qxg6
16.O-O-O b5 17.Qh5 Qxh5 18.Rxh5 Kf7 19.f3 Rac8 20.Ng3 Kg6 21.Rhh1 h5 22.Nce2 Rc5
23.Kb1 b4 24.c3 h4 25.cxb4 Rc4 26.Nf1 Rxb4 27.Nd2 e4 28.b3 Bb5 29.Nf4+ Kf7
30.a3 Rd4 31.Ne6 Bd3+ 32.Ka2 Rxd5 33.Nxg7 Kxg7 34.fxe4 fxe4 35.Nc4 Rg5 36.Nxd6 Rxg2+
37.Ka1 Rf8 38.Rdg1 h3 39.Nc4 Rf2 40.Rxg2+ hxg2  0-1

[Event "Frydek-Mistek op-A"]
[Site "Frydek-Mistek"]
[Date "1997.??.??"]
[Round "3"]
[White "Antoniewski, Rafal"]
[Black "Kalinin, Oleg"]
[Result "1/2-1/2"]
[WhiteElo "2310"]
[BlackElo "2440"]

1.e4 g6 2.d4 Bg7 3.Nc3 c6 4.Be3 d5 5.h3 Qa5 6.Qd2 dxe4 7.Nxe4 Qxd2+ 8.Nxd2 Nd7
9.Ngf3 Nh6 10.Bd3 Nf5 11.O-O-O Nxe3 12.fxe3 b6 13.Rhf1 Bh6 14.Rde1 Bb7 15.Nc4 f6
16.Kb1 c5 17.h4 Rd8  1/2-1/2

[Event "Frydek-Mistek op-A"]
[Site "Frydek-Mistek"]
[Date "1997.??.??"]
[Round "6"]
[White "Filipek, Jakub"]
[Black "Simacek, Pavel"]
[Result "1/2-1/2"]
[WhiteElo "2390"]
[BlackElo "2255"]

1.e4 g6 2.d4 Bg7 3.Nc3 c6 4.Nf3 d5 5.h3 a6 6.Bd3 f6 7.O-O Nh6 8.Bxh6 Bxh6
9.Qe2 e6 10.exd5 cxd5 11.Na4 Kf7 12.Rfe1 Re8 13.Rad1 b5 14.Nc5 Bf8 15.b4 Nc6
16.c3 Bxc5 17.dxc5 e5 18.a4 bxa4 19.Be4 Be6 20.c4 dxe4 21.Rxd8 exf3 22.Qxf3 Rexd8
23.Qxc6 Bxc4 24.Qxa4 Rd4 25.Rc1 Bb5 26.Qb3+ Ke7 27.Qe3 Ra7 28.f4 Rxf4 29.c6 Rc7
30.Qc5+ Ke6 31.Qb6 Kd6 32.Qc5+ Ke6 33.Qb6 Kd6 34.Qb8 Rc4 35.Qd8+ Kxc6 36.Qxf6+ Kb7
37.Rxc4 Bxc4 38.Qxe5 h5 39.Kf2 Rc6 40.Kg3 Bd3 41.Kh4 Bf5 42.Kg5 Bc2 43.g4 hxg4
44.hxg4 Bb1 45.Qd5 Bc2 46.Kh6 Ba4 47.Kg7 Bb5 48.Kf8 Kb8 49.Ke7 Rc7+ 50.Kf6 Rc6+
51.Ke5 Kc7 52.Qg8 Bc4 53.Qa8 Bb5 54.Qa7+ Kc8 55.Kf4 Ba4 56.Kg5 Bb5 57.Kh6 Ba4
58.Qa8+ Kc7 59.Kg7 Bb5 60.Kf8 Bc4 61.g5 Bb5 62.Ke7 Ba4 63.Qd8+ Kb7 64.Qd5 Bb5
65.Kd8 Kb8 66.Qe5+ Kb7 67.Qd5  1/2-1/2

[Event "Frydek-Mistek op-B"]
[Site "Frydek-Mistek"]
[Date "1997.??.??"]
[Round "7"]
[White "Kornilovich, Vitaly"]
[Black "Karlik, Jiri"]
[Result "0-1"]
[WhiteElo "2220"]
[BlackElo "2345"]

1.e4 g6 2.d4 Bg7 3.Nc3 c6 4.Bc4 d6 5.Be3 Nf6 6.h3 d5 7.exd5 cxd5 8.Bd3 Nc6
9.Nf3 O-O 10.a3 a6 11.O-O b5 12.Ne5 Bb7 13.f4 Nxe5 14.fxe5 Ne4 15.Qg4 f5
16.exf6 exf6 17.Qh4 f5 18.Qxd8 Raxd8 19.Bxe4 dxe4 20.Ne2 Bd5 21.c3 Bc4 22.Rf2 Bf6
23.Kh2 Be7 24.Nc1 g5 25.b3 Bd6+ 26.g3 Rc8 27.Ne2 Bxb3 28.Kg2 Bc4 29.a4 Bxe2
30.Rxe2 f4 31.gxf4 gxf4 32.Bxf4 Rxf4 33.axb5 axb5 34.Ra7 Rh4 35.Rb7 Rxc3
36.Rxb5 e3 37.Rf5 Rd3 38.d5  0-1

[Event "Gent op"]
[Site "Gent"]
[Date "1997.??.??"]
[Round "5"]
[White "Van der Lijn, Bas"]
[Black "Vetemaa, Juri"]
[Result "1-0"]
[WhiteElo "2270"]
[BlackElo "2325"]

1.e4 g6 2.d4 c6 3.Nc3 Bg7 4.f4 d5 5.e5 h5 6.Be3 Nh6 7.Nf3 Bg4 8.h3 Nf5 9.Bf2 Bxf3
10.Qxf3 h4 11.Bd3 e6 12.O-O Nd7 13.Ne2 Bf8 14.a4 c5 15.c4 dxc4 16.Bxc4 cxd4
17.Qxb7 Rb8 18.Qe4 Rxb2 19.Rab1 Rxb1 20.Rxb1 Be7 21.Nxd4 Nxd4 22.Bxd4 O-O
23.Bxe6 fxe6 24.Qxg6+ Kh8 25.Rb7 Nc5 26.Bxc5 Bxc5+ 27.Kh2 Be7 28.Qh6+ Kg8
29.Qxe6+ Rf7 30.Rd7 Qf8 31.Rxa7 Qg7 32.Qg4 Qxg4 33.hxg4 Bb4 34.Rxf7 Kxf7
35.g3 Bd2 36.Kh3 hxg3 37.Kxg3 Ke6 38.Kf3 Kd5 39.g5 Bb4 40.g6 Ke6 41.Ke4  1-0

[Event "Oberliga Sued W9697"]
[Site "GER"]
[Date "1997.??.??"]
[Round "?"]
[White "Krieger, Hermann"]
[Black "Eising, Johannes"]
[Result "1/2-1/2"]
[WhiteElo "2190"]
[BlackElo "2320"]

1.e4 g6 2.d4 Bg7 3.Nc3 c6 4.Be3 d5 5.f3 dxe4 6.fxe4 Nf6 7.Nf3 Qb6 8.Qd2 Qxb2
9.Rb1 Qa3 10.Ne5 Qa5 11.Bc4 O-O 12.O-O Nbd7 13.Nxf7 Rxf7 14.e5 Nb6 15.Bxf7+ Kxf7
16.exf6 exf6 17.Ne4 Qxd2 18.Bxd2 Nc4 19.Rbe1 Bf5 20.Bb4 Rd8 21.g4 Bxe4 22.Rxe4 Rd7
23.Rfe1 Bf8 24.Bxf8 Kxf8 25.c3 Kf7 26.Kg2 Nd6 27.Rf4 Nc4 28.h4 Rd5 29.Rfe4 Rd7
30.Re6 Ne5  1/2-1/2

[Event "BL2-S9798"]
[Site "Germany"]
[Date "1997.??.??"]
[Round "?.6"]
[White "Fahnenschmidt, Gerhard"]
[Black "Schmenger, Felix"]
[Result "0-1"]
[WhiteElo "2370"]
[BlackElo "2245"]

1.d4 g6 2.e4 Bg7 3.Nc3 c6 4.Bc4 d6 5.Qf3 e6 6.Nge2 Ne7 7.Bg5 Nd7 8.h4 h6
9.Be3 b5 10.Bb3 Nb6 11.h5 g5 12.g4 a5 13.a4 b4 14.Nb1 Qc7 15.Nd2 c5 16.c3 bxc3
17.bxc3 Ba6 18.O-O O-O 19.Rfc1 Rac8 20.Ng3 cxd4 21.Bxd4 Nc6 22.Bxg7 Kxg7
23.Qe3 Ne5 24.Bd1 Nbd7 25.Nf3 Nxg4 26.Qd2 Nge5 27.Nd4 Nd3 28.Rc2 N7e5 29.Be2 Bc4
30.Bxd3 Nxd3 31.Qe3 Nf4 32.Rd2 Ba6 33.Nb5 Bxb5 34.axb5 Qxc3 35.Qxc3+ Rxc3
36.Rxd6 Ra8 37.Ra6 Rb8 38.Rb1 Ra3 39.b6 Ra4 40.b7 Rb4 41.Rxb4 axb4 42.Rb6 Nd3
43.Rb5 Kf6 44.Kf1 Ke7 45.Ke2 Nf4+ 46.Kf3 Kd6 47.Rxb4 Kc6 48.Rc4+ Kxb7 49.e5 Ra8
50.Ne4 Ra3+ 51.Kg4 Nd3 52.Nc5+ Nxc5 53.Rxc5 Ra4+ 54.Kg3 Rh4 55.f3 Rxh5 56.Rb5+ Kc7
57.Ra5 Kd7 58.Ra7+ Ke8 59.Ra8+ Ke7 60.Rh8 Rh1 61.Kf2 Rh2+ 62.Ke3 h5 63.Rg8 Rg2
64.Rh8 h4 65.Kd3 Rg1 66.Ke2 Ra1 67.Ke3 Re1+ 68.Kd4 Rh1 69.Ke3 h3 70.Kf2 h2
71.Kg2 Re1 72.Kxh2 Rxe5 73.Kg3 Rc5 74.Ra8 Kf6 75.Ra4 Kf5 76.Rb4 f6 77.Ra4 e5
78.Rb4 Rd5 79.Ra4 Rd4 80.Ra6 g4 81.fxg4+ Rxg4+ 82.Kf3 e4+ 83.Kf2 Rf4+ 84.Ke2 Rf3
85.Ra5+ Kf4 86.Rh5 Ra3 87.Rh4+ Ke5 88.Rh5+ f5 89.Rh8 Ra2+ 90.Ke1 f4 91.Re8+ Kd4
92.Rb8 e3 93.Rb4+ Kd3 94.Rb3+ Ke4 95.Kf1 Ra1+ 96.Kg2 e2 97.Rb4+ Kf5 98.Rb5+ Kg4
99.Kh2 e1=Q 100.Rg5+ Kxg5 101.Kh3 Qg3+  0-1

[Event "BL9798 (Women)"]
[Site "Germany"]
[Date "1997.??.??"]
[Round "?.1"]
[White "Dworakowska, Joanna"]
[Black "Peng, Zhaoqin"]
[Result "1-0"]
[WhiteElo "2305"]
[BlackElo "2400"]

1.e4 g6 2.d4 Bg7 3.Nc3 c6 4.f4 d5 5.e5 h5 6.Nf3 Nh6 7.Be3 b6 8.g3 Na6 9.Qd2 Nc7
10.h3 Bf5 11.Bg2 Qd7 12.O-O-O O-O-O 13.Kb1 Kb8 14.Ka1 Rc8 15.Rc1 Rhd8 16.Nh4 Be6
17.Nd1 c5 18.dxc5 d4 19.cxb6 axb6 20.Qb4 Nb5 21.c4 dxe3 22.Nxe3 Rc5 23.Rcd1 Qc7
24.Rxd8+ Qxd8 25.cxb5 Qc8 26.Kb1 g5 27.Qa4 Bxe5 28.fxe5 Bd7 29.Qa8+ Kc7 30.Qa7+ Kd8
31.Qxb6+  1-0

[Event "Oberliga Nord N9697"]
[Site "Germany"]
[Date "1997.??.??"]
[Round "?"]
[White "Behnke, Dieter"]
[Black "Sahlender, Frank"]
[Result "1/2-1/2"]
[WhiteElo "2205"]
[BlackElo "2250"]

1.e4 g6 2.d4 Bg7 3.Nc3 c6 4.Nf3 d5 5.exd5 cxd5 6.Bb5+ Nc6 7.O-O Bg4 8.h3 Bxf3
9.Qxf3 e6 10.Re1 Ne7 11.Bg5 O-O 12.Bxc6 bxc6 13.Rad1 Qd6 14.Bf6 Nf5 15.Bxg7 Kxg7
16.Ne2 Rab8 17.b3 c5 18.Qc3 cxd4 19.Nxd4 Nxd4 20.Qxd4+ Kg8 21.c4 Rfd8 22.cxd5 exd5  1/2-1/2

[Event "Bundesliga 9697"]
[Site "Germany"]
[Date "1997.??.??"]
[Round "?.8"]
[White "Schneider, Henning"]
[Black "Norwood, David"]
[Result "0-1"]
[WhiteElo "2215"]
[BlackElo "2520"]

1.e4 g6 2.d4 Bg7 3.Nc3 c6 4.f4 Qb6 5.Nf3 d5 6.e5 Bg4 7.Be2 e6 8.Na4 Qa5+
9.c3 Nd7 10.b4 Qc7 11.O-O Ne7 12.h3 Bxf3 13.Rxf3 O-O 14.Be3 b6 15.Qc2 f6
16.exf6 Nxf6 17.Nb2 Nf5 18.Nd3 Ne4 19.Bf2 a5 20.g4 Nxf2 21.Rxf2 Nxd4 22.cxd4 Bxd4
23.Rf1 axb4 24.Kg2 Bxf2 25.Rxf2 c5 26.Ne5 Rxf4 27.Rxf4 Qxe5 28.Rf3 c4 29.Bf1 Qe4
30.Qxe4 dxe4 31.Rf2 b5 32.Kg3 g5 33.Re2 Ra3+ 34.Kg2 c3 35.Rc2 Rxa2 36.Rxa2 b3
37.Ra8+ Kg7 38.Ra7+ Kf6 39.Bxb5 b2  0-1

[Event "Landesliga Sued 9697 Bayern"]
[Site "Germany"]
[Date "1997.??.??"]
[Round "?"]
[White "Rohrmueller, Ulrich"]
[Black "Sailer, Wolfgang"]
[Result "1-0"]
[WhiteElo "2185"]
[BlackElo "2150"]

1.e4 g6 2.d4 Bg7 3.Nc3 c6 4.Bc4 d6 5.Qf3 e6 6.Nge2 Qe7 7.O-O Nd7 8.a4 e5
9.d5 Ngf6 10.h3 O-O 11.a5 c5 12.g4 Ne8 13.Ng3 Qh4 14.Kg2 Kh8 15.Bd3 Ndf6
16.Nge2 h5 17.g5 Nh7 18.Qg3 Qxg3+ 19.fxg3 f6 20.gxf6 Bxf6 21.Be3 Kg7 22.Bb5 Nc7
23.Ng1 Bg5 24.Rxf8 Kxf8 25.Bf2 Bd2 26.Bd3 Nf6 27.Nf3 Bxc3 28.bxc3 c4 29.Bxc4 Nxe4
30.Be1 Nf6 31.Rd1 Bf5 32.Bb3 Kg7 33.Ng5 Ne4 34.Nxe4 Bxe4+ 35.Kg1 Nb5 36.Bd2 Rc8
37.c4 Nd4 38.Be3 Bxc2 39.Bxc2 Nxc2 40.Bxa7 Kf7 41.Rb1 Rc7 42.Bb8 Rd7 43.Kf2 Kf6
44.Rb6 Na3 45.c5 Nc4 46.Bxd6 Nxa5 47.Bc7+ Kf5 48.d6 Ke4 49.Rb4+ Kd5 50.Bxa5 Kxc5
51.Rb3 Kc4 52.Rc3+ Kd4 53.Rc1 Kd3 54.Bb4 e4 55.Rd1+ Kc4 56.Ba3 b5 57.Ke3 b4
58.Rd4+  1-0

[Event "Oberliga Nord O9697"]
[Site "Germany"]
[Date "1997.??.??"]
[Round "?"]
[White "Suhl, Dirk"]
[Black "Kauschmann, Herbert"]
[Result "1-0"]
[WhiteElo "2245"]
[BlackElo "2230"]

1.Nc3 g6 2.e4 Bg7 3.d4 c6 4.Bc4 d6 5.Qf3 e6 6.Nge2 Nf6 7.Bb3 e5 8.Bg5 h6
9.Bh4 O-O 10.h3 Nbd7 11.O-O-O g5 12.Bg3 Qe7 13.h4 g4 14.Qe3 Nh5 15.f4 exd4
16.Nxd4 Nc5 17.Rhe1 Nxb3+ 18.axb3 Nxg3 19.Qxg3 h5 20.e5 dxe5 21.fxe5 c5 22.Nd5 Qd8
23.Ne2 Qa5 24.Kb1 Be6 25.Nf6+ Bxf6 26.exf6 c4 27.bxc4 Bxc4 28.Nc3 Rac8 29.Qf4 Kh7
30.Re5  1-0

[Event "Landesliga Sued 9697 Bayern"]
[Site "Germany"]
[Date "1997.??.??"]
[Round "?"]
[White "Bromberger, Stefan"]
[Black "Sailer, Wolfgang"]
[Result "1/2-1/2"]
[WhiteElo "2140"]
[BlackElo "2150"]

1.d4 g6 2.e4 Bg7 3.Nc3 c6 4.Be3 d5 5.f3 dxe4 6.fxe4 Nf6 7.Nf3 O-O 8.Qd2 Qa5
9.Bd3 Nbd7 10.h3 e5 11.O-O exd4 12.Bxd4 Nh5 13.Bxg7 Nxg7 14.Qf4 Ne6 15.Qh6 Ne5
16.Kh1 Nxf3 17.Rxf3 Qg5 18.Qxg5 Nxg5 19.Rg3 Ne6 20.e5 Nc5 21.b4 Nxd3 22.cxd3 Rd8
23.Rd1 Rd4 24.a3 Bf5 25.Ne2 Rd5 26.d4 Rad8 27.Rc1 a5 28.Rc5 axb4 29.axb4 R5d7
30.Ra3 Kg7 31.b5  1/2-1/2

[Event "Landesliga Nord 9697 Bayern"]
[Site "Germany"]
[Date "1997.??.??"]
[Round "?"]
[White "Stockmann, Rainer"]
[Black "Polzer, Hans"]
[Result "0-1"]
[WhiteElo "2015"]
[BlackElo "2050"]

1.Nc3 c6 2.e4 g6 3.d4 Bg7 4.f4 d5 5.e5 h5 6.Nf3 Bg4 7.h3 Bxf3 8.Qxf3 e6 9.g3 Qb6
10.Qd1 Nd7 11.b3 Bf8 12.Na4 Qc7 13.c3 Ne7 14.Bd3 Nf5 15.Kf2 b5 16.Nb2 b4
17.Bxf5 gxf5 18.c4 dxc4 19.bxc4 Rd8 20.Qf3 Nb6 21.c5 Nd5 22.Bd2 Qb7 23.Nc4 Qb5
24.Qe2 Qa4 25.Qd1 Qb5 26.Qe2 Rb8 27.Rhb1 h4 28.g4 fxg4 29.hxg4 h3 30.Nd6+ Bxd6
31.Qxb5 Rxb5 32.exd6 Nf6 33.Kf3 h2 34.g5 Rh3+ 35.Kg2 Rd3 36.gxf6 Rxd2+ 37.Kh1 Rxd4
38.Kxh2 Rxf4 39.Rg1  0-1